Politics and diplomacy in Egypt : the diaries of Sir Miles Lampson 1935-1937 /

محفوظ في:

المؤلف الرئيسي: Killearn, Miles Lampson, Baron, 1880-1964 (مؤلف)

مؤلفون آخرون: Yapp, Malcolm.

التنسيق: كتاب

اللغة: English

منشور في: Oxford ; New York : Published for The British Academy by Oxford University Press, c1997.

سلاسل: Oriental and African archives ; 5.

الموضوعات:

الوسوم: إضافة وسم

لا توجد وسوم, كن أول من يضع وسما على هذه التسجيلة!

رقم الطلب: DA69.3 .K55 A3 1997

LEADER 01346namaa2200325 4500
001 12177
003 OSt
005 20240918062259.0
008 130303s1997 enkab b 001 0 eng d
952 |0 0  |1 0  |2 lcc  |4 0  |6 DA00693 K55 A3 01997  |7 1  |9 58026  |a ARCE  |b ARCE  |d 2023-12-17  |l 0  |o DA69.3 .K55 A3 1997  |p 1012315  |r 2023-12-17 00:00:00  |w 2023-12-17  |y BK 
999 |c 10646  |d 10646 
010 |a 98137464 
020 |a 0197261558 
040 |c ARCE Library 
043 |a e-uk---  |a f-ua--- 
050 4 |a DA69.3 .K55 A3 1997 
100 |a Killearn, Miles Lampson,  |c Baron,   |d 1880-1964,  |e author  |9 33950 
245 1 0 |a Politics and diplomacy in Egypt :   |b the diaries of Sir Miles Lampson 1935-1937 /   |c edited by M.E. Yapp. 
264 1 |a Oxford ;  |a New York :  |b Published for The British Academy by Oxford University Press,  |c c1997. 
300 |a xvii, 1044 pages :  |b illustrations, maps ;  |c 24 cm. 
490 1 |a Oriental and African archives ;   |v 5. 
504 |a Includes bibliographical references and index. 
600 1 0 |a Killearn, Miles Lampson,  |c Baron,  |d 1880-1964  |x Diaries.  |9 33950 
650 0 |a Diplomats  |z Great Britain  |x Diaries. 
650 0 |a Great Britain  |x Foreign relations  |z Egypt. 
651 0 |a Egypt  |x Foreign relations  |z Great Britain. 
700 1 |a Yapp, Malcolm.  |9 42457 
830 0 |a Oriental and African archives ;   |v 5. 
901 |a reviewed 
942 |c BK  |2 lcc